Phố cổ Hội An và việc giao lưu văn hoá ở Việt Nam /
Сохранить в:
| Главный автор: | |
|---|---|
| Формат: | Sách giấy |
| Язык: | Vietnamese |
| Опубликовано: |
Đà Nẵng :
Đà Nẵng ,
1995
|
| Метки: |
Добавить метку
Нет меток, Требуется 1-ая метка записи!
|
| Thư viện lưu trữ: | Thư viện Trường Đại học Đà Lạt |
|---|
| LEADER | 00613nam a2200241 4500 | ||
|---|---|---|---|
| 001 | DLU020010126 | ||
| 005 | ##11/16/1999 | ||
| 041 | # | # | |a vie |
| 082 | # | # | |a 911.597 |b NG-H |
| 090 | # | # | |a 911.597 |b NG-H |
| 100 | # | # | |a Nguyễn Quốc Hùng |
| 245 | # | # | |a Phố cổ Hội An và việc giao lưu văn hoá ở Việt Nam / |c Nguyễn Quốc Hùng |
| 260 | # | # | |a Đà Nẵng : |b Đà Nẵng , |c 1995 |
| 300 | # | # | |a 195 tr.; |c 19 cm. |
| 992 | # | # | |a 13500 |
| 994 | # | # | |a DLU |
| 900 | # | # | |a False |
| 911 | # | # | |a Administrator |
| 925 | # | # | |a G |
| 926 | # | # | |a A |
| 927 | # | # | |a SH |
| 980 | # | # | |a Thư viện Trường Đại học Đà Lạt |